Reformas electorales y desproporcionalidad en las elecciones parlamentarias de 2010 /

Guardado en:
Bibliografiske detaljer
Hovedforfatter: Briceño Montesinos, Héctor Gabriel
Format: Texto
Tags: Tilføj Tag
Ingen Tags, Vær først til at tagge denne postø!

MARC

LEADER 00000 a a2200000 04500
001 46727
003
040
100 |a Briceño Montesinos, Héctor Gabriel 
245 |a Reformas electorales y desproporcionalidad en las elecciones parlamentarias de 2010 /  |c Héctor Gabriel Briceño Montesinos  
773 |g volumen27, número47 (2011), páginas 13-38 : tablas  
999 |c 21211  |d 21211